[Event "DVM U20 2009"]
[Site "Chemnitz GER"]
[Date "2009.12.29"]
[Round "5"]
[White "Darr, Thomas"]
[Black "Oltmanns, Ingmar"]
[Result "1/2-1/2"]
[Termination "normal"]
[Board "4.3"]
[WhiteElo "1987"]
[BlackElo "1944"]
[WhiteTeam "SC Dillingen"]
[BlackTeam "USG Chemnitz"]
[PlyCount "174"]
[WhiteFideId "24647403"]
[BlackFideId "4613910"]
[EventCountry "GER"]
[EventRounds "7"]
[EventType "team-swiss"]
[EventDate "2009.12.26"]

1. d4 d5 2. Nf3 e6 3. c4 c6 4. Nbd2 Nf6 5. g3 dxc4 6. Bg2 b5 7. O-O Be7 8. a4
Bb7 9. Qc2 a6 10. b3 cxb3 11. Qxb3 O-O 12. Bb2 Nbd7 13. Ne5 Qb6 14. Ne4 Nxe5
15. Nxf6+ Bxf6 16. dxe5 Be7 17. Rfc1 c5 18. e4 Rac8 19. Qe3 Qc7 20. Bc3 c4 21.
Qe1 Bc5 22. Rd1 Bc6 23. h3 Rb8 24. Rab1 Qe7 25. Rdc1 b4 26. Ba1 c3 27. Bxc3
Bxa4 28. Bd2 Rfc8 29. Bxb4 Bxb4 30. Rxb4 Bb5 31. Rcb1 Qc5 32. Bf1 Qxe5 33. Bxb5
Rxb5 34. Rxb5 axb5 35. Qa5 Rb8 36. Rb4 h6 37. Kg2 Qc5 38. Kg1 Qc1+ 39. Kg2 Qc5
40. Kg1 e5 41. Kg2 Qb6 42. Qa1 Qc7 43. Qa6 Qb7 44. Qa1 f6 45. Kg1 Kh8 46. Qa5
Qb6 47. Qa3 Rc8 48. Qb3 Rc5 49. h4 Qd6 50. h5 Qd7 51. Kg2 Qg4 52. Qf7 Kh7 53.
Kg1 Rc1+ 54. Kg2 Rc2 55. Qg6+ Qxg6 56. hxg6+ Kxg6 57. Rxb5 Rc4 58. Kf3 Kg5 59.
Rb3 h5 60. Re3 Rc2 61. Rb3 Rc6 62. Re3 g6 63. Kg2 Rc2 64. Rb3 Rc6 65. Re3 Kg4
66. f3+ Kg5 67. Re2 Rc3 68. Kf2 Rc5 69. Kg2 f5 70. exf5 gxf5 71. Kh3 Ra5 72.
Kg2 Kf6 73. Kh3 Ra4 74. Rb2 e4 75. Rb6+ Ke5 76. fxe4 fxe4 77. Rb5+ Kd4 78. Rxh5
Ra3 79. Rh8 Kd3 80. Kg4 Ke2 81. Re8 e3 82. Kf4 Ra4+ 83. Kf5 Kf2 84. g4 Ra5+ 85.
Kf6 e2 86. g5 Ra6+ 87. Kf7 e1=Q 1/2-1/2

[Event "DVM U20 2009"]
[Site "Chemnitz GER"]
[Date "2009.12.29"]
[Round "5"]
[White "Rosenblatt, Marcus"]
[Black "Nuber, Helene"]
[Result "0-1"]
[Termination "normal"]
[Board "4.4"]
[WhiteElo "1959"]
[BlackElo "2073"]
[WhiteTeam "USG Chemnitz"]
[BlackTeam "SC Dillingen"]
[PlyCount "104"]
[WhiteFideId "24627453"]
[BlackFideId "24613045"]
[EventCountry "GER"]
[EventRounds "7"]
[EventType "team-swiss"]
[EventDate "2009.12.26"]

1. e4 e6 2. d4 d5 3. Nd2 c5 4. exd5 Qxd5 5. Ngf3 cxd4 6. Bc4 Qd6 7. O-O Nf6 8.
Nb3 Nc6 9. Nbxd4 Nxd4 10. Nxd4 a6 11. c3 Qc7 12. Qe2 Bd6 13. Kh1 O-O 14. Bg5 e5
15. Nc2 Bg4 16. f3 Bh5 17. Rad1 e4 18. Bxf6 gxf6 19. Nd4 exf3 20. gxf3 Kh8 21.
Bd3 Rae8 22. Qf2 Bg6 23. Qh4 Be5 24. Nf5 Qc8 25. Qh3 Rd8 26. f4 Rxd3 27. Qxd3
Bxf5 28. Qd5 Be6 29. Qe4 Bf5 30. Qd5 Be6 31. Qe4 Rd8 32. fxe5 f5 33. Rxd8+ Qxd8
34. Qe3 Bxa2 35. e6 Qd5+ 36. Kg1 fxe6 37. Re1 Qd7 38. Qe5+ Qg7+ 39. Kf2 Qxe5
40. Rxe5 Bd5 41. Ke3 Kg7 42. Kd4 Kf6 43. Re3 Bc6 44. Rh3 e5+ 45. Kc5 f4 46.
Rxh7 f3 47. Rh8 Kg7 48. Rh5 Kg6 49. Rh8 Kf5 50. Rf8+ Kg4 51. Kc4 Be4 52. Rg8+
Kf4 0-1

[Event "DVM U20 2009"]
[Site "Chemnitz GER"]
[Date "2009.12.29"]
[Round "5"]
[White "Grünke, Paul"]
[Black "Klebanov, Andrej"]
[Result "1/2-1/2"]
[Termination "normal"]
[Board "4.5"]
[WhiteElo "2107"]
[BlackElo "1860"]
[WhiteTeam "SC Dillingen"]
[BlackTeam "USG Chemnitz"]
[PlyCount "100"]
[WhiteFideId "24647802"]
[BlackFideId "24669989"]
[EventCountry "GER"]
[EventRounds "7"]
[EventType "team-swiss"]
[EventDate "2009.12.26"]

1. e4 e6 2. Nf3 d5 3. e5 c5 4. b4 cxb4 5. a3 bxa3 6. d4 Bd7 7. c3 Nc6 8. Bxa3
Bxa3 9. Nxa3 a6 10. Bd3 f5 11. O-O Nge7 12. Qe2 O-O 13. Nc2 Na5 14. Ra3 b5 15.
Rfa1 Nc4 16. Bxc4 bxc4 17. Rxa6 Rxa6 18. Rxa6 Qc7 19. Nb4 Nc6 20. Nxc6 Bxc6 21.
Ng5 Qb7 22. Qa2 Qe7 23. h4 h6 24. Nf3 Qb7 25. Ra7 Qb5 26. Qa3 Rf7 27. Kh2 Qb3
28. Qa5 Rxa7 29. Qxa7 Qb7 30. Qa5 Be8 31. Qd8 Qd7 32. Qxd7 Bxd7 33. Kg3 Kf7 34.
Kf4 Ba4 35. Ng1 Kg6 36. Ne2 Bd1 37. Ng3 Bc2 38. Ke3 Kf7 39. Ne2 Be4 40. f3 Bb1
41. h5 Bc2 42. Kd2 Ba4 43. Nf4 Ke7 44. Kc1 Bd7 45. Kb2 Kd8 46. Ka3 Kc7 47. Kb4
Kb6 48. Ng6 Be8 49. g4 Bxg6 50. hxg6 f4 1/2-1/2

[Event "DVM U20 2009"]
[Site "Chemnitz GER"]
[Date "2009.12.29"]
[Round "5"]
[White "Kabitzke, Julian"]
[Black "Schwarz, Andreas"]
[Result "1/2-1/2"]
[Termination "normal"]
[Board "4.6"]
[WhiteElo "1832"]
[BlackElo "1925"]
[WhiteTeam "USG Chemnitz"]
[BlackTeam "SC Dillingen"]
[PlyCount "128"]
[WhiteFideId "24669547"]
[BlackFideId "24631795"]
[EventCountry "GER"]
[EventRounds "7"]
[EventType "team-swiss"]
[EventDate "2009.12.26"]

1. e4 e6 2. d4 d5 3. Nc3 Nf6 4. Bg5 Be7 5. exd5 exd5 6. Bd3 c6 7. Nge2 Bg4 8.
f3 Bh5 9. g4 Bg6 10. h4 Nbd7 11. h5 Bxd3 12. Qxd3 h6 13. Bf4 Nb6 14. Ng3 Qd7
15. O-O-O O-O-O 16. Nf5 Bf8 17. Rde1 Re8 18. Re5 Na8 19. Rhe1 Nc7 20. a4 Rg8
21. a5 Bb4 22. Rxe8+ Rxe8 23. Rxe8+ Nfxe8 24. Na4 Ne6 25. Bd2 Bxd2+ 26. Qxd2
Nd6 27. Nxd6+ Qxd6 28. Nc3 Kd7 29. Ne2 Ng5 30. Qe3 Qe7 31. Qxe7+ Kxe7 32. Ng1
f5 33. Kd2 fxg4 34. fxg4 Kf6 35. Ke3 Ne4 36. Nf3 Nd6 37. b3 Nf7 38. Kf4 Ng5 39.
Ne5 Ne6+ 40. Ke3 Kg5 41. c3 Nc7 42. c4 Kf6 43. Kf4 Ne6+ 44. Ke3 Nc7 45. Nf3 Ne6
46. Kd3 Ng5 47. Ne5 Ne4 48. a6 bxa6 49. Nxc6 Nf2+ 50. Ke2 dxc4 51. Kxf2 cxb3
52. Nb4 b2 53. Nd5+ Kg5 54. Nc3 Kxg4 55. d5 Kf5 56. Ke3 Ke5 57. Kd3 b1=Q+ 58.
Nxb1 Kxd5 59. Nc3+ Ke5 60. Ke3 Kf5 61. Ne2 Kg4 62. Nf4 a5 63. Ne6 a4 64. Kd4
Kxh5 1/2-1/2

[Event "DVM U20 2009"]
[Site "Chemnitz GER"]
[Date "2009.12.29"]
[Round "5"]
[White "Döring, Andreas"]
[Black "Brüggemann, Florian"]
[Result "1/2-1/2"]
[Termination "normal"]
[Board "5.1"]
[WhiteElo "1973"]
[BlackElo "2030"]
[WhiteTeam "SC Tamm 74"]
[BlackTeam "SG Aufbau Elbe Magdeburg"]
[PlyCount "176"]
[WhiteFideId "24621030"]
[BlackFideId "24645567"]
[EventCountry "GER"]
[EventRounds "7"]
[EventType "team-swiss"]
[EventDate "2009.12.26"]

1. e4 e6 2. d4 d5 3. Nd2 Nf6 4. e5 Nfd7 5. Bd3 c5 6. c3 Nc6 7. Ne2 Qb6 8. Nf3
a5 9. O-O a4 10. Bc2 Qa7 11. Kh1 b5 12. Ng5 h6 13. Nxf7 Kxf7 14. Nf4 Ndxe5 15.
dxe5 Ke8 16. Ng6 Rg8 17. f4 Ne7 18. Qh5 Nxg6 19. Qxg6+ Qf7 20. Qh7 g6 21. Qxf7+
Kxf7 22. Be3 h5 23. Bd3 Bd7 24. b3 Be7 25. Rfb1 axb3 26. axb3 Bc6 27. b4 d4 28.
cxd4 c4 29. Be2 Rxa1 30. Rxa1 Ra8 31. Rxa8 Bxa8 32. Bd2 Bh4 33. Kg1 Ke8 34. g3
Bd8 35. Kf2 Kd7 36. Bd1 Be4 37. Ke3 Bf5 38. Bf3 Bb6 39. Bc3 Ba7 40. Be4 Bb6 41.
h3 Ba7 42. Bg2 Bb6 43. Kf3 Bc2 44. g4 hxg4+ 45. hxg4 Bd1+ 46. Kg3 Bc2 47. Kh4
Bd8+ 48. Kg3 Kc7 49. Bf3 g5 50. Bd2 c3 51. Bxc3 gxf4+ 52. Kxf4 Bg6 53. Be4 Bf7
54. g5 Bg8 55. Kg4 Be7 56. Kh5 Bf8 57. g6 Bg7 58. Bd2 Bf8 59. Kg5 Bg7 60. Kf4
Bh6+ 61. Kf3 Bxd2 62. Ke2 Bxb4 63. Kd3 Be7 64. Kc3 Kb6 65. Kb3 Ka5 66. Kc3 Ka4
67. Bc6 Bb4+ 68. Kd3 Ba5 69. Ke4 Kb4 70. Kd3 Bd8 71. Be8 Bg5 72. Bd7 Ka5 73.
Bc6 b4 74. Kc4 Kb6 75. Be4 Be3 76. Bc2 Kc7 77. Kd3 Bg1 78. Kc4 Kd7 79. Kd3 Ke7
80. Kc4 Kf8 81. Kc5 Kg7 82. Kc4 Kh6 83. Kc5 Kg5 84. Kc4 b3 85. Bxb3 Kxg6 86.
Kc5 Kf5 87. Bc2+ Kf4 88. Bb3 Ke4 1/2-1/2

[Event "DVM U20 2009"]
[Site "Chemnitz GER"]
[Date "2009.12.29"]
[Round "5"]
[White "Paul, Johannes"]
[Black "Schäfer, Alexander"]
[Result "1-0"]
[Termination "normal"]
[Board "5.2"]
[WhiteElo "2142"]
[BlackElo "2073"]
[WhiteTeam "SG Aufbau Elbe Magdeburg"]
[BlackTeam "SC Tamm 74"]
[PlyCount "111"]
[WhiteFideId "24622087"]
[BlackFideId "24615196"]
[EventCountry "GER"]
[EventRounds "7"]
[EventType "team-swiss"]
[EventDate "2009.12.26"]

1. c4 g6 2. g3 Bg7 3. Bg2 e5 4. Nc3 d6 5. d3 f5 6. e3 Nf6 7. Nge2 O-O 8. Rb1 a5
9. O-O c6 10. f4 Be6 11. b3 Na6 12. Qd2 Qc7 13. Bb2 Rad8 14. h3 Rfe8 15. d4
exd4 16. exd4 d5 17. c5 Bf7 18. Kh2 Ne4 19. Qd1 Re6 20. Na4 Rde8 21. Ng1 Bh6
22. Bc1 g5 23. Bxe4 Rxe4 24. Nc3 gxf4 25. Nxe4 Rxe4 26. gxf4 Bxf4+ 27. Bxf4
Rxf4 28. Kg2 Rxf1 29. Qxf1 f4 30. Re1 Bg6 31. Re5 Nxc5 32. Qxf4 Ne6 33. Qf6
Nxd4 34. Re7 Be4+ 35. Rxe4 dxe4 36. Qxd4 Qf4 37. Qf2 Qc1 38. Qe2 Qb1 39. h4 e3
40. Nf3 Qg6+ 41. Kh3 Qf5+ 42. Kg3 Qg6+ 43. Kf4 Qh6+ 44. Ke4 c5 45. Qxe3 Qg6+
46. Kd5 Qc6+ 47. Kc4 b5+ 48. Kc3 c4 49. Qg5+ Kf8 50. Qd8+ Kg7 51. Qe7+ Kg8 52.
Ne5 b4+ 53. Kd4 Qb6+ 54. Kxc4 Qa6+ 55. Kd4 Qf1 56. Kc5 1-0

[Event "DVM U20 2009"]
[Site "Chemnitz GER"]
[Date "2009.12.29"]
[Round "5"]
[White "Lange, Jan-David"]
[Black "Schiffner, Kevin"]
[Result "1-0"]
[Termination "normal"]
[Board "5.3"]
[WhiteElo "2118"]
[BlackElo "1952"]
[WhiteTeam "SC Tamm 74"]
[BlackTeam "SG Aufbau Elbe Magdeburg"]
[PlyCount "101"]
[WhiteFideId "24614963"]
[BlackFideId "24674940"]
[EventCountry "GER"]
[EventRounds "7"]
[EventType "team-swiss"]
[EventDate "2009.12.26"]

1. e4 c5 2. Nf3 e6 3. d4 cxd4 4. Nxd4 a6 5. c4 Nc6 6. Nc3 Qc7 7. Be2 Nf6 8. O-O
Be7 9. Kh1 O-O 10. f4 d6 11. Nc2 b6 12. b3 Bb7 13. Bb2 Rac8 14. Ne3 Nd7 15. Rf3
Bf6 16. Rg3 Ne7 17. Ng4 Ng6 18. Qd2 Kh8 19. Rf1 Rce8 20. Nxf6 Nxf6 21. f5 Ne5
22. Rxg7 Kxg7 23. Qg5+ Kh8 24. Qxf6+ Kg8 25. Rf3 Qd8 26. Rg3+ Ng6 27. Nd5 e5
28. Qxd8 Rxd8 29. fxg6 fxg6 30. Rf3 Bxd5 31. cxd5 a5 32. Kg1 Rxf3 33. gxf3 Kf7
34. Kf2 Rc8 35. Bd3 Ke7 36. h4 h6 37. Kg3 Rf8 38. Bc1 h5 39. f4 exf4+ 40. Bxf4
Rc8 41. Kf3 a4 42. e5 dxe5 43. Bxe5 axb3 44. axb3 Rg8 45. Kf4 Rf8+ 46. Ke4 Rg8
47. d6+ Kd7 48. Bb5+ Kd8 49. Bf6+ Kc8 50. d7+ Kc7 51. d8=Q+ 1-0

[Event "DVM U20 2009"]
[Site "Chemnitz GER"]
[Date "2009.12.29"]
[Round "5"]
[White "Schulz, Marcel"]
[Black "Schäfer, Daniela"]
[Result "1/2-1/2"]
[Termination "normal"]
[Board "5.4"]
[WhiteElo "1867"]
[BlackElo "1897"]
[WhiteTeam "SG Aufbau Elbe Magdeburg"]
[BlackTeam "SC Tamm 74"]
[PlyCount "91"]
[WhiteFideId "1270585"]
[BlackFideId "4624769"]
[EventCountry "GER"]
[EventRounds "7"]
[EventType "team-swiss"]
[EventDate "2009.12.26"]

1. e4 d5 2. Nc3 d4 3. Nce2 e5 4. Ng3 Nf6 5. Nf3 Nbd7 6. Bc4 Bd6 7. d3 Nb6 8.
Bb3 Be6 9. Bd2 Qd7 10. Qe2 O-O-O 11. Ng5 Bxb3 12. axb3 h6 13. Nf3 Kb8 14. O-O
g6 15. Ra5 c5 16. Rfa1 Nc8 17. Be1 Ne8 18. Nf1 b6 19. R5a2 Nc7 20. N1d2 b5 21.
Nb1 Ne6 22. Bd2 g5 23. Qe1 Rdf8 24. b4 cxb4 25. Bxb4 Nc7 26. Ra5 f6 27. Bxd6
Qxd6 28. Nbd2 h5 29. Qb1 h4 30. Qa2 g4 31. Ne1 g3 32. fxg3 hxg3 33. hxg3 f5 34.
Nef3 Qh6 35. Nf1 fxe4 36. dxe4 d3 37. Kf2 dxc2 38. Ne3 Qc6 39. Rc1 Qxe4 40. Qb3
Qb7 41. Kg1 Rxf3 42. gxf3 Qxf3 43. Rxb5+ Nxb5 44. Qxb5+ Ka8 45. Qd5+ Qxd5 46.
Nxd5 1/2-1/2

[Event "DVM U20 2009"]
[Site "Chemnitz GER"]
[Date "2009.12.29"]
[Round "5"]
[White "Kaiser, Sören"]
[Black "Rickmann, David"]
[Result "0-1"]
[Termination "normal"]
[Board "5.5"]
[WhiteElo "1804"]
[BlackElo "1895"]
[WhiteTeam "SC Tamm 74"]
[BlackTeam "SG Aufbau Elbe Magdeburg"]
[PlyCount "48"]
[WhiteFideId "24669628"]
[BlackFideId "24657360"]
[EventCountry "GER"]
[EventRounds "7"]
[EventType "team-swiss"]
[EventDate "2009.12.26"]

1. e4 d5 2. exd5 Qxd5 3. Nc3 Qd6 4. Nf3 Nf6 5. g3 a6 6. Bg2 Nc6 7. d3 Bg4 8.
O-O O-O-O 9. Bf4 e5 10. Be3 h5 11. Qd2 Bxf3 12. Bxf3 h4 13. Ne4 Nxe4 14. Bxe4
Qe6 15. Qe2 f5 16. Bf3 Qf6 17. Rfe1 g5 18. Bxc6 bxc6 19. d4 exd4 20. Qxa6+ Kb8
21. c4 f4 22. Bxd4 Qxd4 23. Re6 hxg3 24. Qxc6 Qxf2+ 0-1

[Event "DVM U20 2009"]
[Site "Chemnitz GER"]
[Date "2009.12.29"]
[Round "5"]
[White "Nieber, Alexander"]
[Black "Döring, Stefan"]
[Result "0-1"]
[Termination "normal"]
[Board "5.6"]
[WhiteElo "1825"]
[BlackElo "1552"]
[WhiteTeam "SG Aufbau Elbe Magdeburg"]
[BlackTeam "SC Tamm 74"]
[PlyCount "78"]
[WhiteFideId "24691224"]
[BlackFideId "1272047"]
[EventCountry "GER"]
[EventRounds "7"]
[EventType "team-swiss"]
[EventDate "2009.12.26"]

1. d4 d5 2. Nf3 e6 3. c4 Nf6 4. g3 c6 5. Bg2 Bd6 6. Qc2 O-O 7. O-O Nbd7 8. Rd1
Ne4 9. Nbd2 f5 10. c5 Bc7 11. b4 Ndf6 12. a4 Ng4 13. Rf1 Bd7 14. Rb1 Rb8 15. b5
Ba5 16. h3 Ngf6 17. Ne5 Nc3 18. bxc6 Nxe2+ 19. Kh2 Nxd4 20. Qd3 Nxc6 21. Nxd7
Qxd7 22. Nb3 Bc7 23. f4 Na5 24. Nd4 Nc6 25. Nb5 a6 26. Nxc7 Qxc7 27. Ba3 Ne4
28. Rb6 Rf6 29. Rfb1 Rf7 30. Qe3 Re7 31. Bf3 e5 32. fxe5 Qxe5 33. Bg2 g5 34.
Bxe4 fxe4 35. Rxc6 bxc6 36. Rxb8+ Qxb8 37. Qd4 Qe5 38. Qb4 e3 39. Bb2 Qf5 0-1

[Event "DVM U20 2009"]
[Site "Chemnitz GER"]
[Date "2009.12.29"]
[Round "5"]
[White "Borgmeyer, Max"]
[Black "Geshnizjani, Ramin Tobias"]
[Result "1-0"]
[Termination "normal"]
[Board "6.1"]
[WhiteElo "2058"]
[BlackElo "2096"]
[WhiteTeam "SC Königsspringer Hamburg 1984"]
[BlackTeam "Heilbronner SV"]
[PlyCount "155"]
[WhiteFideId "24615870"]
[BlackFideId "24633089"]
[EventCountry "GER"]
[EventRounds "7"]
[EventType "team-swiss"]
[EventDate "2009.12.26"]

1. e4 c6 2. d4 d5 3. Nc3 dxe4 4. Nxe4 Nd7 5. Qe2 Ndf6 6. c3 Nxe4 7. Qxe4 Nf6 8.
Qc2 Bg4 9. Bd3 e6 10. f3 Bh5 11. Ne2 Bg6 12. Bf4 Nd5 13. Bxg6 hxg6 14. Qd2 Nxf4
15. Nxf4 Bd6 16. O-O-O Qa5 17. a3 O-O-O 18. h3 e5 19. dxe5 Bxa3 20. Nd3 Be7 21.
Kb1 Rd5 22. Qf4 f5 23. exf6 Bxf6 24. Qg4+ Kb8 25. Qxg6 Rg5 26. Qe4 Rxg2 27. f4
Rg3 28. Ne5 Bxe5 29. fxe5 Re8 30. e6 Rg5 31. Rhe1 Qf5 32. Qxf5 Rxf5 33. Rd7 Kc8
34. Rxg7 Rf6 35. Rd1 Rfxe6 36. Rdd7 Re1+ 37. Ka2 R1e5 38. Rc7+ Kb8 39. Rxb7+
Kc8 40. Rxa7 Kb8 41. h4 Rh5 42. Rgb7+ Kc8 43. Rh7 Rxh7 44. Rxh7 Re4 45. Kb3 Re2
46. Ka3 Re3 47. Kb4 Re2 48. b3 Re5 49. h5 Rg5 50. h6 Rh5 51. Kc4 Kd8 52. Kd4
Kc8 53. Ke4 Rh3 54. Kd4 Rh5 55. b4 Rh3 56. c4 Rh5 57. Rh8+ Kc7 58. h7 Kb7 59.
c5 Rh4+ 60. Ke5 Rh5+ 61. Kf6 Rh1 62. b5 cxb5 63. c6+ Kxc6 64. Rc8+ Kd5 65. h8=Q
Rxh8 66. Rxh8 Kc4 67. Ke5 b4 68. Ke4 Kc3 69. Ke3 Kc2 70. Rc8+ Kb2 71. Kd2 b3
72. Ra8 Kb1 73. Kc3 b2 74. Kb3 Kc1 75. Rc8+ Kb1 76. Rh8 Ka1 77. Ra8+ Kb1 78.
Ra2 1-0

[Event "DVM U20 2009"]
[Site "Chemnitz GER"]
[Date "2009.12.29"]
[Round "5"]
[White "Luo, Xinping"]
[Black "Lock, Adrian"]
[Result "1/2-1/2"]
[Termination "normal"]
[Board "6.2"]
[WhiteElo "2130"]
[BlackElo "2014"]
[WhiteTeam "Heilbronner SV"]
[BlackTeam "SC Königsspringer Hamburg 1984"]
[PlyCount "55"]
[WhiteFideId "4648951"]
[BlackFideId "24651290"]
[EventCountry "GER"]
[EventRounds "7"]
[EventType "team-swiss"]
[EventDate "2009.12.26"]

1. e4 e6 2. d4 d5 3. Nc3 Nf6 4. Bg5 dxe4 5. Nxe4 Nbd7 6. Nf3 Be7 7. Bxf6 Bxf6
8. Bd3 O-O 9. Qe2 c5 10. Nxf6+ Nxf6 11. dxc5 Qa5+ 12. c3 Qxc5 13. Qe5 Qxe5+ 14.
Nxe5 b6 15. Bb5 Bb7 16. Bc6 Bxc6 17. Nxc6 Rfe8 18. Ke2 Kf8 19. Rhd1 Rec8 20.
Ne5 Rd8 21. c4 a5 22. f3 Ke8 23. b3 Nd7 24. Nxd7 Rxd7 25. Rxd7 Kxd7 26. Rd1+
Kc6 27. a3 Rb8 28. Ke3 1/2-1/2

[Event "DVM U20 2009"]
[Site "Chemnitz GER"]
[Date "2009.12.29"]
[Round "5"]
[White "Maiorov, Daniel"]
[Black "Häusinger, Benjamin"]
[Result "1-0"]
[Termination "normal"]
[Board "6.3"]
[WhiteElo "1920"]
[BlackElo "1985"]
[WhiteTeam "SC Königsspringer Hamburg 1984"]
[BlackTeam "Heilbronner SV"]
[PlyCount "133"]
[WhiteFideId "24646920"]
[BlackFideId "24659576"]
[EventCountry "GER"]
[EventRounds "7"]
[EventType "team-swiss"]
[EventDate "2009.12.26"]

1. Nc3 d5 2. e4 dxe4 3. Nxe4 Bf5 4. Ng3 Bg6 5. h4 h6 6. h5 Bh7 7. d4 c6 8. Nf3
Nd7 9. Bd3 Bxd3 10. Qxd3 e6 11. Bd2 Ngf6 12. O-O-O Bd6 13. Ne4 Nxe4 14. Qxe4
Nf6 15. Qe2 Qc7 16. g3 O-O 17. Kb1 c5 18. g4 c4 19. g5 hxg5 20. Bxg5 Nd5 21. h6
g6 22. h7+ Kh8 23. Ne5 Rac8 24. c3 b5 25. Qe4 Be7 26. Bh6 Bf6 27. Bxf8 Rxf8 28.
Rdg1 Bxe5 29. Qxe5+ Qxe5 30. dxe5 Nf4 31. Re1 Nd3 32. Re2 Rd8 33. Rh4 Rd5 34.
Rd4 Rxe5 35. Rxe5 Nxe5 36. Rd8+ Kxh7 37. Kc2 Nd3 38. Rd7 Kg7 39. Rxa7 Nxf2 40.
Rb7 Ne4 41. Rxb5 Kf6 42. a4 Nd6 43. Rb6 Ke7 44. a5 Nc8 45. Rc6 Kd7 46. Rxc4 Nd6
47. Rc5 Nc8 48. a6 Na7 49. Kd3 f5 50. b4 Kd6 51. c4 g5 52. Ra5 g4 53. b5 Kc5
54. Ra1 e5 55. Ke3 g3 56. Kf3 Kb6 57. Kxg3 Nc8 58. Rd1 Kc5 59. Rd8 Nb6 60. a7
Kxc4 61. Rb8 Kxb5 62. Rxb6+ Kxb6 63. a8=Q Kc5 64. Qc8+ Kd4 65. Qxf5 e4 66. Kf2
Kd3 67. Ke1 1-0

[Event "DVM U20 2009"]
[Site "Chemnitz GER"]
[Date "2009.12.29"]
[Round "5"]
[White "Schwarz, Felix"]
[Black "Streich, Justus"]
[Result "1/2-1/2"]
[Termination "normal"]
[Board "6.4"]
[WhiteElo "1813"]
[BlackElo "1902"]
[WhiteTeam "Heilbronner SV"]
[BlackTeam "SC Königsspringer Hamburg 1984"]
[PlyCount "77"]
[WhiteFideId "4639065"]
[BlackFideId "24697168"]
[EventCountry "GER"]
[EventRounds "7"]
[EventType "team-swiss"]
[EventDate "2009.12.26"]

1. d4 Nf6 2. Nf3 e6 3. e3 Be7 4. Bd3 b6 5. O-O Bb7 6. c4 c5 7. Nc3 cxd4 8. exd4
d6 9. Re1 Qc7 10. b3 d5 11. Bb2 Nbd7 12. cxd5 Nxd5 13. Nxd5 Bxd5 14. Be4 Nf6
15. Bxd5 Nxd5 16. Ne5 O-O 17. Rc1 Qb7 18. Qf3 Bg5 19. Rc2 Rac8 20. Rxc8 Rxc8
21. Nc4 Qc7 22. Ba3 Qf4 23. Qd3 b5 24. Ne3 Rd8 25. Nxd5 Rxd5 26. Bc1 Qf6 27.
Bxg5 Qxg5 28. Qe3 Qd8 29. Rd1 e5 30. Re1 f6 31. dxe5 Rxe5 32. Qc3 Rxe1+ 33.
Qxe1 Kf7 34. g3 Qd3 35. Kg2 Qd5+ 36. f3 Qd4 37. Qc1 Qd6 38. Qc2 a6 39. Qc3
1/2-1/2

[Event "DVM U20 2009"]
[Site "Chemnitz GER"]
[Date "2009.12.29"]
[Round "5"]
[White "Langmann, Markus"]
[Black "Wang, Julia"]
[Result "0-1"]
[Termination "normal"]
[Board "6.5"]
[WhiteElo "1954"]
[BlackElo "1660"]
[WhiteTeam "SC Königsspringer Hamburg 1984"]
[BlackTeam "Heilbronner SV"]
[PlyCount "97"]
[WhiteFideId "24651281"]
[BlackFideId "24692565"]
[EventCountry "GER"]
[EventRounds "7"]
[EventType "team-swiss"]
[EventDate "2009.12.26"]

1. e4 c6 2. d4 d5 3. Nc3 dxe4 4. Nxe4 Bf5 5. Nc5 Qc7 6. Bd3 Bxd3 7. Nxd3 e6 8.
Nf3 Nd7 9. O-O Ngf6 10. Qe2 Bd6 11. c3 O-O 12. Bg5 Rac8 13. Nfe5 c5 14. f4 cxd4
15. cxd4 Qb6 16. Nf3 Nd5 17. Kh1 h6 18. Bh4 Nxf4 19. Nxf4 Bxf4 20. Ne5 Bxe5 21.
dxe5 Qc5 22. Rae1 Qc2 23. Qh5 Qg6 24. Qxg6 fxg6 25. Rxf8+ Rxf8 26. Kg1 Rf5 27.
Bf2 Rxe5 28. Rxe5 Nxe5 29. Bxa7 Kf7 30. Kf1 Nc6 31. Bc5 g5 32. g4 g6 33. Kf2
Kf6 34. Ke3 Ke5 35. h3 Nd8 36. Bf8 h5 37. Be7 Nf7 38. b3 Kd5 39. Bf6 hxg4 40.
hxg4 e5 41. Be7 e4 42. a3 Ne5 43. Bxg5 Nxg4+ 44. Kf4 Nf2 45. Bf6 Nd3+ 46. Ke3
Ne5 47. Kf4 Nd7 48. Bg7 Nc5 49. Kg5 0-1

[Event "DVM U20 2009"]
[Site "Chemnitz GER"]
[Date "2009.12.29"]
[Round "5"]
[White "Weißbeck, Joachim Daniel"]
[Black "Akram, Shumon"]
[Result "1/2-1/2"]
[Termination "normal"]
[Board "6.6"]
[WhiteElo "1755"]
[BlackElo "1732"]
[WhiteTeam "Heilbronner SV"]
[BlackTeam "SC Königsspringer Hamburg 1984"]
[PlyCount "128"]
[WhiteFideId "4639227"]
[BlackFideId "24697184"]
[EventCountry "GER"]
[EventRounds "7"]
[EventType "team-swiss"]
[EventDate "2009.12.26"]

1. e4 Nf6 2. Nc3 e5 3. Nf3 Bb4 4. d3 Nc6 5. Be2 h6 6. O-O d6 7. Bd2 Be6 8. a3
Bc5 9. Na4 Bb6 10. c3 a6 11. Nxb6 cxb6 12. Qc2 Rc8 13. Rac1 Na5 14. c4 b5 15.
b3 bxc4 16. bxc4 b5 17. Qc3 Nc6 18. c5 O-O 19. Rc2 Nd7 20. d4 exd4 21. Nxd4
Nxd4 22. Qxd4 dxc5 23. Qd6 Qb6 24. Qg3 Kh8 25. Bc3 Rg8 26. Rd1 Qc7 27. Qh4 Kh7
28. Rcd2 Ne5 29. Rd6 Ng6 30. Qg3 Ra8 31. e5 Rgb8 32. Bd3 Rb6 33. Bxg6+ fxg6 34.
Rxb6 Qxb6 35. Rd6 Rd8 36. h3 Rxd6 37. exd6 b4 38. axb4 cxb4 39. Bb2 Qb7 40. Qe5
Qd7 41. Qc5 b3 42. Qb6 a5 43. Qxa5 Qxd6 44. Qe5 Qxe5 45. Bxe5 g5 46. Kh2 g4 47.
hxg4 Bxg4 48. Kg3 h5 49. f4 g6 50. Kf2 Bf5 51. Ke3 Kg8 52. Kd4 Bc2 53. Kd5 Kf7
54. g3 Ke7 55. Bd4 Kd7 56. Bc3 Kc7 57. Kc5 Be4 58. Kc4 Kd6 59. Kd4 Bc2 60. Bb2
Ke6 61. Bc3 Kf5 62. Ke3 Kg4 63. Kf2 Kf5 64. Ke3 Kg4 1/2-1/2

[Event "DVM U20 2009"]
[Site "Chemnitz GER"]
[Date "2009.12.29"]
[Round "5"]
[White "Rudolf, Sebastian"]
[Black "Kappe, Benedikt"]
[Result "1-0"]
[Termination "normal"]
[Board "7.1"]
[WhiteElo "2201"]
[BlackElo "2027"]
[WhiteTeam "SG Grün-Weiß Dresden"]
[BlackTeam "SV 1947 Walldorf"]
[PlyCount "49"]
[WhiteFideId "24609390"]
[BlackFideId "24629855"]
[EventCountry "GER"]
[EventRounds "7"]
[EventType "team-swiss"]
[EventDate "2009.12.26"]

1. e4 a6 2. c4 e5 3. Nf3 Nc6 4. d4 exd4 5. Nxd4 Bb4+ 6. Nc3 Qh4 7. Be2 Qxe4 8.
Nxc6 Bxc3+ 9. bxc3 Qxc6 10. O-O Ne7 11. Bf3 Qxc4 12. Re1 Kd8 13. Re4 Qxc3 14.
Bg5 f6 15. Bd2 Qb2 16. Rb1 Qxa2 17. Rxe7 Kxe7 18. Bb4+ Kd8 19. Bd5 Qxb1 20.
Qxb1 d6 21. Qd3 a5 22. Bc3 c6 23. Qg3 Kc7 24. Qxg7+ Bd7 25. Be6 1-0

[Event "DVM U20 2009"]
[Site "Chemnitz GER"]
[Date "2009.12.29"]
[Round "5"]
[White "Brede, Fabian"]
[Black "Schnoor, Ekkehard"]
[Result "1/2-1/2"]
[Termination "normal"]
[Board "7.2"]
[WhiteElo "1840"]
[BlackElo "1997"]
[WhiteTeam "SV 1947 Walldorf"]
[BlackTeam "SG Grün-Weiß Dresden"]
[PlyCount "74"]
[WhiteFideId "24665444"]
[BlackFideId "24639753"]
[EventCountry "GER"]
[EventRounds "7"]
[EventType "team-swiss"]
[EventDate "2009.12.26"]

1. d4 Nf6 2. c4 g6 3. Nc3 Bg7 4. g3 O-O 5. Bg2 d6 6. Nf3 Nbd7 7. O-O e5 8. e4
exd4 9. Nxd4 a6 10. b3 Re8 11. Re1 Rb8 12. Bb2 c6 13. Qd2 Qc7 14. Rad1 Bf8 15.
h3 Nc5 16. Nf5 Bxf5 17. exf5 Rxe1+ 18. Rxe1 Re8 19. Rxe8 Nxe8 20. fxg6 hxg6 21.
Ne4 Nxe4 22. Bxe4 Qe7 23. Bf3 Bg7 24. Bxg7 Nxg7 25. Qe2 Qe5 26. Qxe5 dxe5 27.
Kf1 Ne6 28. Ke2 f5 29. Ke3 Kf7 30. h4 Kf6 31. b4 e4 32. Bd1 c5 33. bxc5 Ke5 34.
f4+ exf3 35. Bxf3 Nxc5 36. Bd5 b6 37. Bf7 Kf6 1/2-1/2